000 00520nam a22001817a 4500
008 140629b xxu||||| |||| 00| 0 eng d
020 _a9-7802-3028-4180
082 _222 ed.
_a346.043
_bCUR
100 _aCursley, Joe
245 _aPalgrave macmillan law masters :
_bland law
_c Joe Cursley and Mark Davys
250 _a7 ed.
260 _aN.Y :
_bPalgrave macmillan law masters
300 _axxv, 288 P. ;
_c23 cm.
500 _aIncludes Index
650 _aland law
700 _aDavys, Mark
942 _2ddc
_cBK
999 _c5881
_d5881